| 000 | 00887nam a2200193Ia 4500 | ||
|---|---|---|---|
| 008 | 151121s9999||||xx |||||||||||||| ||und|| | ||
| 082 | _a783/गर्ग | ||
| 082 | _bHNW-58580 | ||
| 100 | _aगर्ग लक्ष्मीनारायण संपा। | ||
| 245 | _aसंगीत भक्ति संगीत -1 जानेवारी 1970 | ||
| 260 | _b"संगीत कार्यालय, हाथरस,उत्तरप्रदेश" | ||
| 260 | _c-- | ||
| 300 | _a204 | ||
| 600 | _aगर्ग लक्ष्मीनारायण संपा। | ||
| 630 | _aसंगीत भक्ति संगीत -1 जानेवारी 1970 | ||
| 700 | _aगर्ग लक्ष्मीनारायण संपा। | ||
| 730 | _aसंगीत भक्ति संगीत -1 जानेवारी 1970 | ||
| 942 | _cBOOK | ||
| 999 |
_c1240388 _d1240385 |
||